Normale Ansicht MARC-Ansicht ISBD

Eine "sozialistische Stadtkrone" für Frankfurt (Oder) : (Titelsatznr. 373115)

[ MARC ]
MARC-Details
000 -Satzkennung
Kontrollfeld mit fester Länge 00574nam a2200157 4500
008 - Feld mit fester Länge zur physischen Beschreibung - Allgemeine Angaben
Kontrollfeld mit fester Länge 240425b |||||||| |||| 00| 0 eng d
040 ## - Katalogisierungsquelle
Original-Katalogisierungsstelle DE-2950
Übertragungsstelle DE-2950
041 ## - Sprachcode
Sprachcode des Textes/der Tonspur oder des separaten Titels ger
100 ## - Haupteintragung - Personenname
Personenname Wilke, Antje
245 ## - Titel
Titel Eine "sozialistische Stadtkrone" für Frankfurt (Oder) :
Zusatz zum Titel Entstehung und Bedeutung des Wohnkomplexes Halbe Stadt. Masterarbeit /
Verfasserangabe etc. Antje Wilke
260 ## - Publikation, Vertrieb usw. (Erscheinungsvermerk)
Erscheinungsort, Vertriebsort etc. Frankfurt (Oder):
Name des Verlags, des Vertriebs etc. Kulturwissenschaftliche Fakultät der Europa-Universität Viadrina,
Date of publication, distribution, etc 2022
300 ## - Physische Beschreibung
Umfang 94 S.
653 ## - Indexierungsterm - Nicht normiert
Nicht-normierter Term Frankfurt (Oder)
653 ## - Indexierungsterm - Nicht normiert
Nicht-normierter Term Wohngebiet Halbe Stadt
942 ## - Zusätzliche Felder (Koha)
Klassifikation oder Aufstellungssystematik Andere/Generische Klassifikation
Koha-Medientyp Bücher
Exemplare
Ausgeschieden Verloren Klassifikation oder Aufstellungssystematik Beschädigt Nicht entleihbar Permanenter Standort Aktueller Standort Aufstellungsort Erwerbungsdatum Lieferant Anzahl Ausleihen Signatur Letzte Aktivität Exemplarnummer Preis gültig von Medientyp
    Andere/Generische Klassifikation     Stadtarchiv Frankfurt (Oder) | Archivbibliothek Stadtarchiv Frankfurt (Oder) | Archivbibliothek Magazin 25/04/2024 Belegexemplar   IV: 1588 25/04/2024 27/2024 25/04/2024 Bücher